000 00996nam a22003257a 4500
003 CHAP
005 20220329134656.0
008 971013s1977 r 00010 d
010 _a24060
011 _a25032
035 _a29132
040 _cCHAP
082 _a330.109
_bI5Y 1970
100 0 0 _aImbert, Jean.
_957452
245 _aHistoria económica
_b: de los orígenes a 1789
250 _a3 ed.
260 _aBarcelona :
_bVicens-Vives,
_c1977
300 _a320 p
500 _aTrad. de la 2ed. en francés de 1970
590 _aBATCH-UPD
_b10
_c20130110
_lUCH01
_h1827
590 _aBATCH-UPD
_b10
_c20130410
_lUCH01
_h1159
590 _aBATCH-UPD
_b10
_c20130914
_lUCH01
_h1230
590 _aCONVERSION
_b10
_c20130109
_lUCH01
_h1314
650 1 4 _aEconomía
_xHistoria.
_935238
650 1 4 _aHistoria económica.
_955624
700 0 _aLegoherel, Henri.
_965669
901 _aBK
942 _cLIBRO
949 _a330.109 I5Y 1970
_bBC
_cLIBRO
_d33724000312286
_eLIBRO
_h55537
_i29132
_si
_t500.00
999 _c24060
_d24060